|
|
|
|
| LEADER |
00532nam a22001217a 4500 |
| 100 |
|
|
|a MERENSANGLA LONGKUMER AND A. K. MAKAR
|9 34037
|
| 245 |
|
|
|a AN INTEGRATED DEVELOPMENT PROJECT - NAGALAND EMPOWERMENT OF PEOPLE THROUGH ECONOMIC DEVELOPMENT (NEPED), AND ITS IMPACT ON THE FARMING COMMUNITY IN NAGALAND
|
| 260 |
|
|
|b SAJOSPS
|c 2014
|
| 300 |
|
|
|a p.76-81
|b January-June 2014
|
| 650 |
|
|
|a JHUM;
|a AGRICULTURE;
|a AGRO-FORESTRY
|9 34038
|
| 942 |
|
|
|c JA
|
| 999 |
|
|
|c 86033
|d 86033
|
| 952 |
|
|
|0 0
|1 0
|4 0
|7 0
|9 78378
|a MGUL
|b MGUL
|c JA
|d 2016-06-13
|l 0
|r 2016-06-13
|w 2016-06-13
|y JA
|